000 00644nam a22002057a 4500
003 KOHA_MİRAKIL
005 20260414081131.0
008 260414b tu ||||| |||| 00| 0 tur d
040 _aTR-AnABB
_btur
_cTR-AnABB
041 _aeng
082 _a338.9
_bRIC
100 1 _aRichardson, Harry W.
245 1 0 _aRegional economics :
_bLocation theory, urban structure , regioanal change /
_cHarry W. Richardson
260 _aNew York :
_bPraeger Publishers,
_c[t.y.]
300 _a455 sayfa :
_btablo ;
_c24 cm
500 _aDizin vardır
650 0 4 _aEkonomik politika
650 0 4 _aBölgesel ekonomi
942 _2ddc
_cBK
999 _c10219
_d10219
900 _bCan ÇELIK